000 00692nam a2200217 u 4500
005 20230808063552.0
008 150415s1978 r 000 0 eng d
020 _a0815602235
035 _aUPN01000202844
049 _aCG
050 4 _aRC480.5
_bS9.5
100 1 _aSzasz, Thomas Stephen,
_d1920-2012
_937198
245 1 4 _aThe myth of psychotherapy :
_bmental healing as religion, rhetoric, and repression /
_cThomas Szasz.
260 _aNew York :
_bSyracuse University Press,
_c1978.
300 _a238 p.
650 4 _aPSICOTERAPIA -
_xFILOSOFIA
_923904
650 4 _aPSICOTERAPIA -
_xHISTORIA
_920740
650 4 _aPsicologĂ­a polĂ­tica
_97126
905 _aLibro
999 _c174945
_d174945